<?xml version="1.0" encoding="UTF-8"?>
<record
    xmlns:xsi="http://www.w3.org/2001/XMLSchema-instance"
    xsi:schemaLocation="http://www.loc.gov/MARC21/slim http://www.loc.gov/standards/marcxml/schema/MARC21slim.xsd"
    xmlns="http://www.loc.gov/MARC21/slim">

  <leader>00906cam a2200229 i 4500</leader>
  <controlfield tag="001">sa 68004801 </controlfield>
  <controlfield tag="003">DLC</controlfield>
  <controlfield tag="005">20260227112504.0</controlfield>
  <controlfield tag="008">040720s1967    ii            000 j tamr </controlfield>
  <datafield tag="010" ind1=" " ind2=" ">
    <subfield code="a">sa 68004801 </subfield>
  </datafield>
  <datafield tag="040" ind1=" " ind2=" ">
    <subfield code="a">DLC</subfield>
    <subfield code="c">DLC</subfield>
    <subfield code="d">DLC</subfield>
  </datafield>
  <datafield tag="050" ind1="0" ind2="0">
    <subfield code="a">PL4758.9.A33</subfield>
    <subfield code="b">N4</subfield>
  </datafield>
  <datafield tag="100" ind1="1" ind2=" ">
    <subfield code="a">Akilan&#x332;,</subfield>
    <subfield code="d">1922-1988.</subfield>
  </datafield>
  <datafield tag="245" ind1="1" ind2="0">
    <subfield code="a">Nell&#x16B;r arici :</subfield>
    <subfield code="b">kataika&#x1E37; /</subfield>
    <subfield code="c">Akilan&#x332;.</subfield>
  </datafield>
  <datafield tag="250" ind1=" " ind2=" ">
    <subfield code="a">1. patippu.</subfield>
  </datafield>
  <datafield tag="260" ind1=" " ind2=" ">
    <subfield code="a">Cen&#x332;n&#x332;ai :</subfield>
    <subfield code="b">P&#x101;ri Puttakap Pa&#x1E47;&#x1E47;ai,</subfield>
    <subfield code="c">1967.</subfield>
  </datafield>
  <datafield tag="300" ind1=" " ind2=" ">
    <subfield code="a">191 p. ;</subfield>
    <subfield code="c">19 cm.</subfield>
  </datafield>
  <datafield tag="500" ind1=" " ind2=" ">
    <subfield code="a">"Mun&#x332;n&#x332;uraiy&#x101;ka Mal&#x113;ciy&#x101;vi&#x332;l na&#x1E6D;aiper&#x332;r&#x332;a mutal&#x101;vatu an&#x332;aittulakat Tamil&#x332; mana&#x1E6D;&#x1E6D;il Akilan&#x332;in&#x332; cirukataika&#x1E37; par&#x332;r&#x332;i Mal&#x113;ciap palkalaik Kal&#x332;akattin&#x332; peraciripai An&#x332;n&#x332;ap&#x16B;ra&#x1E47;i Cantirac&#x113;karan&#x332; avarka&#x1E37; val&#x332;a&#x1E45;kiya &#x101;r&#x101;yccik karutturai i&#x1E47;aikkapper&#x332;r&#x332;u&#x1E37;&#x1E37;atu."</subfield>
  </datafield>
  <datafield tag="500" ind1=" " ind2=" ">
    <subfield code="a">"Por&#x332;ko&#x1E6D;u ve&#x1E37;iy&#x12B;&#x1E6D;u."</subfield>
  </datafield>
  <datafield tag="500" ind1=" " ind2=" ">
    <subfield code="a">Short stories.</subfield>
  </datafield>
  <datafield tag="546" ind1=" " ind2=" ">
    <subfield code="a">In Tamil.</subfield>
  </datafield>
  <datafield tag="999" ind1=" " ind2=" ">
    <subfield code="c">80354</subfield>
    <subfield code="d">80354</subfield>
  </datafield>
</record>
